| 000 | 00629nam a22001937a 4500 | ||
|---|---|---|---|
| 999 |
_c180825 _d180825 |
||
| 005 | 20210819123807.0 | ||
| 010 | _aENG-129759 | ||
| 020 |
_c300.00 _a978-81-947069-7-7 |
||
| 035 | _aEN-113291 | ||
| 037 | _bDBAD/PUB | ||
| 082 | _a006.3 | ||
| 100 | _aNesamani, S. Leena | ||
| 245 |
_aArtificial Intelligence : _cS. Leena Nesamani, R. Rajalakshmi, V. R. Niveditha, I. S. Beschi |
||
| 250 | _a2021 | ||
| 260 |
_aChannai _bJupiter Publications Consortium _c2021 |
||
| 270 |
_bChennai _a22/102, Second Street, Virugambakkam _mdirector@jpc.in.net |
||
| 300 |
_a179p. _c21cm (pbk) |
||
| 942 |
_2ddc _cEN _kNES _h006.3 |
||